| 000 | 00956cam0a220025300 4500 | ||
|---|---|---|---|
| 001 | qcf00046222 | ||
| 005 | 20190822082636.0 | ||
| 008 | 781129c19611943gw 001 0 ger d | ||
| 035 | _a(Sirsi) r92557 | ||
| 035 | _a(QCAT)lss02151615 | ||
| 035 | _a(UPRA)qcf00046222 | ||
| 040 | _dUPRA | ||
| 100 | 1 |
_aReiners, Ludwig, 1896-1957. _dReiners, Ludwig, 1896-1957. _6A51437.1 |
|
| 245 | 1 | 0 |
_aStilkunst : _bein Lehrbuch deutscher Prosa / _cLudwig Reiners. |
| 260 |
_aMunchen : _bBeck, _c1961, c1943. |
||
| 500 | _aFirst ed. published 1944 under title: Deutsche Stilkunst. | ||
| 500 | _aIncludes index. | ||
| 504 | _aBibliographical references included in "Anmerkungen" p. [765]-772. | ||
| 650 | 0 |
_aGerman language -- Rhetoric. _xGerman language -- Rhetoric. _6S40347.1 |
|
| 650 | 0 |
_aGerman language -- Style. _xGerman language -- Style. _6S40348.1 |
|
| 740 | 0 | _aDeutsche Stilkunst. | |
| 949 |
_aPF3410 _wlcc _i-130277 _mMAIN _tBOOK _lON-SHELF |
||
| 004 | 92557 | ||
| 999 |
_c121898 _d121898 |
||